<?xml version="1.0" encoding="UTF-8"?>
<marc:record xmlns:marc="http://www.loc.gov/MARC21/slim">
   <marc:leader>00000nam a2200000 a 4500</marc:leader>
   <marc:datafield ind1="1" ind2=" " tag="100">
      <marc:subfield code="a">Bradford, Chris</marc:subfield>
      <marc:subfield code="4">aut</marc:subfield>
      <marc:subfield code="e">Verfasser/-in</marc:subfield>
   </marc:datafield>
   <marc:datafield ind1="0" ind2="0" tag="245">
      <marc:subfield code="a">Der Weg des Schwertes</marc:subfield>
   </marc:datafield>
   <marc:datafield ind1="0" ind2="0" tag="245">
      <marc:subfield code="c">Bradford, Chris</marc:subfield>
   </marc:datafield>
   <marc:datafield ind1=" " ind2="1" tag="264">
      <marc:subfield code="a">Ravensburg</marc:subfield>
      <marc:subfield code="b">Ravensburger Buchverl.</marc:subfield>
      <marc:subfield code="c">2010</marc:subfield>
   </marc:datafield>
   <marc:datafield ind1=" " ind2=" " tag="250">
      <marc:subfield code="a">1. Aufl.</marc:subfield>
   </marc:datafield>
   <marc:datafield ind1="1" ind2=" " tag="520">
      <marc:subfield code="a">Angaben aus der Verlagsmeldung

Samurai 2. Der Weg des Schwertes Young Samurai: The Way of the sword / von Chris Bradford

Japan, Anfang des 17. Jahrhunderts: Der junge Engländer Jack erlernt auf der Schule des berühmten Masamoto Takeshi die Kunst des Schwertkampfs. Als er erfährt, dass eine Prüfung stattfindet, deren beste Teilnehmer Einzelunterricht erhalten, will Jack unbedingt gewinnen. Aber auch außerhalb der Schulmauern warten große Herausforderungen auf den jungen Samurai: Im Kampf gegen seine Widersacher muss Jack beweisen, dass er den Weg des Schwertes verinnerlicht hat.
</marc:subfield>
   </marc:datafield>
   <marc:datafield ind1=" " ind2=" " tag="020">
      <marc:subfield code="a">9783473353156</marc:subfield>
      <marc:subfield code="9">9783473353156</marc:subfield>
   </marc:datafield>
   <marc:datafield ind1=" " ind2=" " tag="020">
      <marc:subfield code="a">3473353159</marc:subfield>
      <marc:subfield code="9">3473353159</marc:subfield>
   </marc:datafield>
   <marc:datafield ind1=" " ind2=" " tag="041">
      <marc:subfield code="a">ger</marc:subfield>
   </marc:datafield>
   <marc:datafield ind1=" " ind2=" " tag="300">
      <marc:subfield code="a">441 S.</marc:subfield>
   </marc:datafield>
</marc:record>
